Stem cells: scientific facts and fiction (Record no. 32756)

MARC details
000 -LEADER
fixed length control field 00671nam a2200157 a 4500
008 - FIXED-LENGTH DATA ELEMENTS--GENERAL INFORMATION
fixed length control field 160322s2011 ||||||||||||||||| || u
020 ## - INTERNATIONAL STANDARD BOOK NUMBER
International Standard Book Number 9780123815354
050 ## - LIBRARY OF CONGRESS CALL NUMBER
Classification number QH 588.S83 Cel
100 ## - MAIN ENTRY--PERSONAL NAME
Personal name Mummery, Christine
245 10 - TITLE STATEMENT
Title Stem cells: scientific facts and fiction
Statement of responsibility, etc. By Christine Mummery, Ian Wilmut, Anja Van De Stolpe [and] Bernard A.J. Roelen
260 ## - PUBLICATION, DISTRIBUTION, ETC.
Place of publication, distribution, etc. Amsterdam:
Name of publisher, distributor, etc. Academic Press/Elsevier
Date of publication, distribution, etc. 2011
300 ## - PHYSICAL DESCRIPTION
Extent ix, 312p.: ill.
350 ## -
-- 83.95
650 ## - SUBJECT ADDED ENTRY--TOPICAL TERM
Topical term or geographic name entry element STEM CELLS
995 ## -
-- MEDICAL LIBRARY OPEN ACCESS
-- 903478
-- CBU-SCHOOL OF MEDICINE LIBRARY (Ndola)
-- 83.95
-- QH 588.S83 Cel
-- 1
-- AVAILABLE
-- Mar 23, 2016
-- 903478
-- Medical Library Open Access Collection
999 ## -
-- 32756
-- 32756
Holdings
Withdrawn status Lost status Source of classification or shelving scheme Damaged status Not for loan Permanent Location Current Location Shelving location Date acquired Total Checkouts Full call number Barcode Date last seen Price effective from Koha item type
          CBU-SCHOOL OF MEDICINE LIBRARY, NDOLA. CBU-SCHOOL OF MEDICINE LIBRARY, NDOLA.   11/30/2022   QH 588.S83 Cel 903478 11/30/2022 11/30/2022 MONOGRAPH